Профессору О. В. Серебренниковой - 60 лет; Известия Томского политехнического университета [Известия ТПУ]; Т. 314, № 3 : Химия

Dades bibliogràfiques
Parent link:Известия Томского политехнического университета [Известия ТПУ]/ Томский политехнический университет (ТПУ).— , 2000-
Т. 314, № 3 : Химия.— 2009.— [С. 137]
Sumari:Заглавие с титульного листа
Электронная версия печатной публикации
17 февраля 2009 г. исполнилось 60 лет Ольге Викторовне Серебренниковой, доктору химических наук, профессору Института геологии и нефтегазового дела Томского политехнического университета, заведующей лабораторией природных превращений нефти Института химии нефти СО РАН, члену-корреспонденту РАЕН.
Idioma:rus
Publicat: 2009
Col·lecció:Наши юбиляры
Matèries:
Accés en línia:http://www.lib.tpu.ru/fulltext/v/Bulletin_TPU/2009/v314/i3/30.pdf
Format: MixedMaterials Electrònic Capítol de llibre
KOHA link:https://koha.lib.tpu.ru/cgi-bin/koha/opac-detail.pl?biblionumber=175112

MARC

LEADER 00000nla2a2200000 4500
001 175112
005 20231031165012.0
035 |a (RuTPU)RU\TPU\book\189877 
035 |a RU\TPU\book\189875 
090 |a 175112 
100 |a 20100209d2009 k y0rusy50 ca 
101 0 |a rus 
102 |a RU 
135 |a drnn ---uucaa 
181 0 |a i  
182 0 |a b 
200 1 |a Профессору О. В. Серебренниковой - 60 лет  |b Электронный ресурс 
203 |a Текст  |c электронный 
215 |a 1 файл (214 Кб) 
225 1 |a Наши юбиляры 
230 |a Электронные текстовые данные (1 файл : 214 Кб) 
300 |a Заглавие с титульного листа 
300 |a Электронная версия печатной публикации 
330 |a 17 февраля 2009 г. исполнилось 60 лет Ольге Викторовне Серебренниковой, доктору химических наук, профессору Института геологии и нефтегазового дела Томского политехнического университета, заведующей лабораторией природных превращений нефти Института химии нефти СО РАН, члену-корреспонденту РАЕН. 
337 |a Adobe Reader 
461 1 |0 (RuTPU)RU\TPU\book\176237  |t Известия Томского политехнического университета [Известия ТПУ]  |f Томский политехнический университет (ТПУ)  |d 2000- 
463 1 |0 (RuTPU)RU\TPU\book\189586  |x 1684-8519  |t Т. 314, № 3 : Химия  |v [С. 137]  |d 2009  |p 146 с. 
600 1 |a Серебренникова  |b А. Н.  |c доцент  |c кафедра русского языка и литературы Томского политехнического университета  |g Анна Николаевна  |2 stltpush  |3 (RuTPU)RU\TPU\pers\24607 
610 1 |a электронный ресурс 
610 1 |a труды учёных ТПУ 
801 1 |a RU  |b 63413507  |c 20090623  |g PSBO 
801 2 |a RU  |b 63413507  |c 20141114  |g PSBO 
856 4 |u http://www.lib.tpu.ru/fulltext/v/Bulletin_TPU/2009/v314/i3/30.pdf 
942 |c CF